The Easter Quiz Stats

 Plays Quiz Updated Mar 17, 2018

Also try: Easter Facts
Challenge
Share
Tweet
Embed
Score 0/18 Timer 05:00
1 Play Today
Question Answer % Correct
Which month is the English and German names for Easter or Ostern associated with? April
88.7%
The customary act of painting what, is known as Pysanka? Eggs
65.6%
Every Easter who gives his 'Urbi et Orbi' to the world? The Pope
61.4%
What color was the cloak that Jesus wore when he went to the cross? Purple
54.6%
Jesus rode into Jerusalem on a donkey and was greeted by cheering crowd on which day?Palm Sunday
50.2%
On what street in New York does the city's famous Easter parade take place?5th Avenue
38.6%
Until 1941, from which Asian country were most Easter lilies exported to the United States?Japan
37.4%
Who was the first person to speak to Jesus after he had risen from the dead?Mary Magdalene
33.5%
Which goldsmith produced bejewelled Easter eggs for the Tsars of Russia? Peter Carl Fabergé
30.4%
Question Answer % Correct
Name any of the main stars of Easter Parade (1948)?Judy Garland and Fred Astaire
25.2%
Easter island is a territory of which country?Chile
25%
In whose tomb was Jesus buried?Joseph of Arimathea
24.6%
Mardi Gras, Fat Tuesday and Pancake Day are also known as what?Shrove Tuesday
24%
The Good Friday agreement, signed on Good Friday 1998, is also named after which city?The Belfast Agreement
14.5%
The White House Easter Egg Roll was inaugurated by which President's wife?James Madison (Dolley Madison)
13.2%
In which country do boys traditionally throw buckets of water over girls at Easter time as part of an ancient fertility ritual?Poland ...
7.4%
Which type of cake is traditionally eaten at Easter in the USA? Simnel cake
5.9%
Which Anglo-Saxon goddess is associated with the word Easter?Ēostre
4.3%

You're not logged in!

Compare scores with friends on all Sporcle quizzes.
OR
Log In

You Might Also Like...

Show Comments

Extras

Top Quizzes Today


Score Distribution

Your Account Isn't Verified!

In order to create a playlist on Sporcle, you need to verify the email address you used during registration. Go to your Sporcle Settings to finish the process.

Report this User

Report this user for behavior that violates our Community Guidelines.

Details: